<?xml version="1.0" encoding="UTF-8"?><?xml-stylesheet type="text/xsl" href="static/style.xsl"?><OAI-PMH xmlns="http://www.openarchives.org/OAI/2.0/" xmlns:xsi="http://www.w3.org/2001/XMLSchema-instance" xsi:schemaLocation="http://www.openarchives.org/OAI/2.0/ http://www.openarchives.org/OAI/2.0/OAI-PMH.xsd"><responseDate>2026-06-04T04:41:52Z</responseDate><request verb="GetRecord" identifier="oai:riuma.uma.es:10630/27277" metadataPrefix="marc">https://riuma.uma.es/rest/oai/request</request><GetRecord><record><header><identifier>oai:riuma.uma.es:10630/27277</identifier><datestamp>2026-02-03T11:59:20Z</datestamp><setSpec>com_10630_2254</setSpec><setSpec>col_10630_37959</setSpec></header><metadata><record xmlns="http://www.loc.gov/MARC21/slim" xmlns:dcterms="http://purl.org/dc/terms/" xmlns:doc="http://www.lyncode.com/xoai" xmlns:xsi="http://www.w3.org/2001/XMLSchema-instance" xsi:schemaLocation="http://www.loc.gov/MARC21/slim http://www.loc.gov/standards/marcxml/schema/MARC21slim.xsd">
   <leader>00925njm 22002777a 4500</leader>
   <datafield ind2=" " ind1=" " tag="042">
      <subfield code="a">dc</subfield>
   </datafield>
   <datafield ind2=" " ind1=" " tag="720">
      <subfield code="a">Marrero Capitán, Ana Dácil</subfield>
      <subfield code="e">author</subfield>
   </datafield>
   <datafield ind2=" " ind1=" " tag="720">
      <subfield code="a">Posligua-García, Joel</subfield>
      <subfield code="e">author</subfield>
   </datafield>
   <datafield ind2=" " ind1=" " tag="720">
      <subfield code="a">Bernal, Manuel</subfield>
      <subfield code="e">author</subfield>
   </datafield>
   <datafield ind2=" " ind1=" " tag="720">
      <subfield code="a">Ortega Vidal, Juan</subfield>
      <subfield code="e">author</subfield>
   </datafield>
   <datafield ind2=" " ind1=" " tag="720">
      <subfield code="a">Salido, Sofía</subfield>
      <subfield code="e">author</subfield>
   </datafield>
   <datafield ind2=" " ind1=" " tag="720">
      <subfield code="a">Altarejos, Joaquín</subfield>
      <subfield code="e">author</subfield>
   </datafield>
   <datafield ind2=" " ind1=" " tag="720">
      <subfield code="a">Rodríguez-Quesada, Ana María</subfield>
      <subfield code="e">author</subfield>
   </datafield>
   <datafield ind2=" " ind1=" " tag="720">
      <subfield code="a">Martínez-Póveda, Beatriz Amparo</subfield>
      <subfield code="e">author</subfield>
   </datafield>
   <datafield ind2=" " ind1=" " tag="720">
      <subfield code="a">Medina-Torres, Miguel Ángel</subfield>
      <subfield code="e">author</subfield>
   </datafield>
   <datafield ind2=" " ind1=" " tag="260">
      <subfield code="c">2023</subfield>
   </datafield>
   <datafield ind2=" " ind1=" " tag="520">
      <subfield code="a">Our group has recently shown that the antitumor Extra Virgin Olive Oil phenolic compounds (—)oleocanthal and (—)oleacein&#xd;
also behave as antiangiogenic agents. Interestingly, it has been described that phenolic compounds found in the Mediterranean diet affect the autophagy pathway. Based on this background, we studied the modulatory effects of (—)oleocanthal and (—)oleacein on tumor cell autophagy. Methodologically, the tumor cell lines MDAMB231, MCF7 and HT1080 cell lines were used in in vitro cellular and molecular studies of the autophagy flux and key mediators of this process, and High Content Screening (HCS) System using Perkin Elmer Operetta for single-cell analysis was performed in these cells. Interestingly, (—)oleocanthal and (—)oleacein repressed the autophagy flux of MDAMB231 and MCF7 submitted to autophagy inducing conditions (severe starving) at doses in the low micromolar range. In addition, key autophagy mediators, like LC3 or WIPI2 proteins, were dramatically reduced in the same settings, as seen in immunohistochemical studies. Furthermore, preliminary results of HCS in tumor cells revealed depletory effects on autophagy by using specifics dyes for this process at the single-cell level. Altogether, our results point to a drastic inhibitory effect of (—)oleocanthal and (—)oleacein on tumor cell autophagy at low doses.</subfield>
   </datafield>
   <datafield ind1="8" ind2=" " tag="024">
      <subfield code="a">https://hdl.handle.net/10630/27277</subfield>
   </datafield>
   <datafield tag="653" ind2=" " ind1=" ">
      <subfield code="a">Antiangiogénicos</subfield>
   </datafield>
   <datafield tag="653" ind2=" " ind1=" ">
      <subfield code="a">Fenoles -  Uso terapéutico</subfield>
   </datafield>
   <datafield tag="653" ind2=" " ind1=" ">
      <subfield code="a">Aceite de oliva - Uso terapéutico</subfield>
   </datafield>
   <datafield ind2="0" ind1="0" tag="245">
      <subfield code="a">The Extra Virgin Olive Oil phenolic compounds () oleacein and () oleocanthal inhibit tumor cell autophagy</subfield>
   </datafield>
</record>
</metadata></record></GetRecord></OAI-PMH>